|
|
|
|
| LEADER |
01145nam a2200253 a 4500 |
| 001 |
2154380 |
| 008 |
090726s1997 bg b 000 0 eng d |
| 999 |
|
|
|c 2871
|d 2871
|
| 010 |
|
|
|a 98900109
|
| 020 |
|
|
|a 9840513745
|
| 040 |
|
|
|a DLC
|c DLC
|
| 082 |
0 |
0 |
|a 954.922
|2 21
|
| 100 |
1 |
|
|a Rabbani, Golam.
|9 26523
|
| 245 |
1 |
0 |
|a Dhaka, from Mughal outpost to metropolis /
|c Golam Rabbani.
|
| 260 |
|
|
|a Dhaka, Bangladesh :
|b University Press Ltd.,
|c 1997.
|
| 300 |
|
|
|a 207 p. :
|b chiefly col. ill. ;
|c 31 cm.
|
| 504 |
|
|
|a Includes bibliographical references (p. [208]).
|
| 541 |
1 |
|
|e 00006088
|
| 651 |
|
0 |
|a Dhaka (Bangladesh)
|x Pictorial works.
|9 26524
|
| 651 |
|
0 |
|a Dhaka (Bangladesh)
|x Description and travel.
|9 26525
|
| 852 |
4 |
|
|a Ayesha Abed Library
|j General Shelf.
|
| 942 |
|
|
|2 ddc
|c BK
|
| 952 |
|
|
|0 0
|1 0
|2 ddc
|4 0
|6 954_922000000000000_RAB
|7 0
|9 2619
|a BRACUL
|b BRACUL
|c GEN
|d 2009-07-27
|g 1280.00
|l 8
|m 10
|o 954.922 RAB
|p 3010006088
|r 2019-04-23
|s 2019-03-25
|t 1
|w 2009-07-27
|y BK
|
| 952 |
|
|
|0 0
|1 0
|2 ddc
|4 0
|6 954_922000000000000_RAB
|7 0
|9 63590
|a BRACUL
|b BRACUL
|c GEN
|d 2018-07-05
|l 0
|o 954.922 RAB
|p 3010017040
|r 2024-01-04
|t 2
|w 2018-07-05
|y BK
|x Transferred from ARC to BRACUL on 28/12/2023
|